The influence of the paraffin content on the effect exerted by the weighting component on the effect of the depressant additive; Химия и химическая технология в XXI веке; Т. 2

Detalhes bibliográficos
Parent link:Химия и химическая технология в XXI веке: материалы XXIV Международной научно-практической конференции студентов и молодых ученых имени выдающихся химиков Л. П. Кулёва и Н. М. Кижнера, посвященной 85-летию со дня рождения профессора А. В. Кравцова, Томск, 15-19 мая 2023 г./ Национальный исследовательский Томский политехнический университет (ТПУ) ; Инженерная школа природных ресурсов ; Инженерная школа новых производственных технологий ; Исследовательская школа химических и биомедицинских технологий ; Инженерная школа ядерных технологий.— , 2023
Т. 2.— 2023.— [С. 274-275]
Autor principal: Efanova A. O.
Autor Corporativo: Национальный исследовательский Томский политехнический университет Инженерная школа природных ресурсов Отделение химической инженерии
Outros Autores: Kirgina M. V. Mariya Vladimirovna (научный руководитель), Bogdanov I. A. Ilya Aleksandrovich (переводчик)
Resumo:Заглавие с титульного экрана
Idioma:inglês
Publicado em: 2023
coleção:Химия и химическая технология на иностранном языке (английский)
Assuntos:
Acesso em linha:http://earchive.tpu.ru/handle/11683/76724
Formato: Recurso Eletrônico Capítulo de Livro
KOHA link:https://koha.lib.tpu.ru/cgi-bin/koha/opac-detail.pl?biblionumber=636027

MARC

LEADER 00000naa2a2200000 4500
001 636027
005 20250912133051.0
035 |a (RuTPU)RU\TPU\conf\37884 
035 |a RU\TPU\conf\37883 
090 |a 636027 
100 |a 20230626d2023 k y0rusy50 ba 
101 0 |a eng 
102 |a RU 
105 |a y z 101zy 
135 |a drcn ---uucaa 
181 0 |a i  
182 0 |a b 
200 1 |a The influence of the paraffin content on the effect exerted by the weighting component on the effect of the depressant additive  |f A. O. Efanova  |g sci. adv. M. V. Kirgina, ling. I. A. Bogdanov 
203 |a Текст  |c электронный 
225 1 |a Химия и химическая технология на иностранном языке (английский) 
300 |a Заглавие с титульного экрана 
320 |a [Библиогр.: с. 275 (2 назв.)] 
461 1 |0 (RuTPU)RU\TPU\conf\37590  |t Химия и химическая технология в XXI веке  |o материалы XXIV Международной научно-практической конференции студентов и молодых ученых имени выдающихся химиков Л. П. Кулёва и Н. М. Кижнера, посвященной 85-летию со дня рождения профессора А. В. Кравцова, Томск, 15-19 мая 2023 г.  |o в 2 т.  |f Национальный исследовательский Томский политехнический университет (ТПУ) ; Инженерная школа природных ресурсов ; Инженерная школа новых производственных технологий ; Исследовательская школа химических и биомедицинских технологий ; Инженерная школа ядерных технологий  |d 2023 
463 1 |0 (RuTPU)RU\TPU\conf\37592  |t Т. 2  |v [С. 274-275]  |d 2023 
610 1 |a труды учёных ТПУ 
610 1 |a электронный ресурс 
610 1 |a парафины 
610 1 |a депрессорные присадки 
610 1 |a н-парафины 
700 1 |a Efanova  |b A. O. 
702 1 |a Kirgina  |b M. V.  |c Chemical Engineer  |c Associate Professor of Tomsk Polytechnic University, Candidate of Technical Sciences  |f 1988-  |g Mariya Vladimirovna  |4 727 
702 1 |a Bogdanov  |b I. A.  |c chemist  |c Research Engineer of Tomsk Polytechnic University  |f 1994-  |g Ilya Aleksandrovich  |4 730  |9 22218 
712 0 2 |a Национальный исследовательский Томский политехнический университет  |b Инженерная школа природных ресурсов  |b Отделение химической инженерии  |3 (RuTPU)RU\TPU\col\23513 
801 2 |a RU  |b 63413507  |c 20230802  |g RCR 
856 4 |u http://earchive.tpu.ru/handle/11683/76724 
942 |c BK